00370nam a2200145Ia 4500008004100000020001800041082001500059100001800074245003100092250000600123260003900129300001600168500002400184650001600208230524s9999 xx 000 0 und d a9789381141083 a519.2bMUR aT.S.R. Murthy 0aProbability And Statistics a1 aNew DelhibI.K.Internationalc2011 a"XII,513p;" aQuantity Number: 1 aMathamatics